| 000 | 00355nam a2200145Ia 4500 | ||
|---|---|---|---|
| 008 | 230917s9999||||xx |||||||||||||| ||und|| | ||
| 040 |
_e127921 _aMAIN |
||
| 041 | _aEnglish | ||
| 082 | _a342.54 P192C | ||
| 100 | _aPandey, J.N | ||
| 245 | 0 | _aConstitutional law of India | |
| 250 | _a11th ed. | ||
| 260 |
_aAllahabad _bAllahabad law _c1981 |
||
| 942 | _cBK | ||
| 999 |
_c222218 _d222218 |
||